[Event "13th EICC"]
[Site "Plovdiv BUL"]
[Date "2012.03.25"]
[Round "6.109"]
[White "Erturan, Yakup"]
[Black "Pashikian, Arman"]
[Result "1/2-1/2"]
[WhiteTitle "IM"]
[BlackTitle "GM"]
[WhiteElo "2370"]
[BlackElo "2618"]
[WhiteFideId "6301410"]
[BlackFideId "13301578"]
[EventDate "2012.03.20"]
[EventType "swiss"]

1. e4 e5 2. Nf3 Nc6 3. Nc3 Nf6 4. d4 exd4 5. Nxd4 Bb4 6. Nxc6 bxc6 7. Bd3 O-O 8.
O-O Re8 9. Qf3 d6 10. h3 Nd7 11. Bd2 Qh4 12. Qf4 Qxf4 13. Bxf4 Ne5 14. Na4 Ba5
15. Bxe5 Rxe5 16. c4 Rb8 17. Rab1 Bd2 18. Rfd1 Bg5 19. b3 g6 20. Re1 h5 21. g3
Ra5 22. Kg2 h4 23. c5 hxg3 24. Kxg3 Bd2 25. Red1 Bb4 26. Rbc1 Ba3 27. Rc2 Bd7
28. f4 Kf8 29. Be2 Ke7 30. h4 Rb4 31. Bf3 Be8 32. Rd3 Rbb5 33. Rd1 Rb4 34. Rd3
Rb8 35. Rd1 Rd8 36. Be2 d5 37. Bf3 dxe4 38. Rxd8 Kxd8 39. Bxe4 Rb5 40. f5 Rb4
41. fxg6 fxg6 42. Kf3 g5 43. Rh2 g4+ 44. Kf4 Bc1+ 45. Ke5 Bh6 46. Re2 Bd7 47.
Nb2 Ke7 48. Nd3 Rb8 49. Bf5 Rd8 50. Bxd7 Kxd7 51. Kf6 g3 52. Rg2 Rf8+ 53. Kg6
Be3 54. Kg7 Ke7 55. Rxg3 Bd4+ 56. Kh6 Rh8+ 1/2-1/2

[Event "13th EICC"]
[Site "Plovdiv BUL"]
[Date "2012.03.25"]
[Round "6.110"]
[White "Laurusas, Tomas"]
[Black "Ruck, Robert"]
[Result "0-1"]
[BlackTitle "GM"]
[WhiteElo "2360"]
[BlackElo "2579"]
[WhiteFideId "12803731"]
[BlackFideId "705713"]
[EventDate "2012.03.20"]
[EventType "swiss"]

1. d4 Nf6 2. c4 e6 3. Nf3 d5 4. Nc3 Bb4 5. cxd5 exd5 6. Bg5 h6 7. Bh4 g5 8. Bg3
Ne4 9. Rc1 c5 10. dxc5 Nc6 11. Nd2 Nxc5 12. a3 Qe7 13. e3 Bxc3 14. bxc3 Bf5 15.
Nf3 Ne4 16. Qa4 O-O 17. Be2 h5 18. Nd4 Bg6 19. Nxc6 bxc6 20. Qd4 h4 21. f3 Nc5
22. Qe5 Qd8 23. Bf2 Nb3 24. Bxh4 gxh4 25. Rd1 Re8 26. Qf4 Kg7 27. c4 Qf6 28.
Qxf6+ Kxf6 29. cxd5 Bc2 30. Kf2 Bxd1 31. Bxd1 Na5 32. dxc6 Nxc6 33. Ba4 Re6 34.
Rc1 Ne5 35. Rd1 Rb8 36. Rd4 Rb2+ 37. Kf1 h3 38. gxh3 Ke7 39. Rf4 Rf6 0-1

[Event "13th EICC"]
[Site "Plovdiv BUL"]
[Date "2012.03.25"]
[Round "6.111"]
[White "Balla, Tamas-Kristof"]
[Black "Onischuk, Vladimir"]
[Result "0-1"]
[WhiteTitle "FM"]
[BlackTitle "GM"]
[WhiteElo "2369"]
[BlackElo "2516"]
[WhiteFideId "1208497"]
[BlackFideId "14114038"]
[EventDate "2012.03.20"]
[EventType "swiss"]

1. d4 d6 2. c4 Nf6 3. Nc3 g6 4. e4 Bg7 5. f3 O-O 6. Be3 c5 7. dxc5 dxc5 8. Qxd8
Rxd8 9. Bxc5 Nc6 10. Nd5 Nd7 11. Nxe7+ Nxe7 12. Bxe7 Bxb2 13. Rb1 Bc3+ 14. Kd1
Re8 15. Kc2 Bg7 16. Bd6 f5 17. Bd3 fxe4 18. fxe4 Re6 19. c5 Nxc5 20. Bxc5 Rc6
21. Bc4+ Kh8 22. Rb5 a6 23. Rb6 Rxc5 24. Kd3 Bf5 25. Nf3 Rd8+ 26. Ke3 Bxe4 27.
Kxe4 Rxc4+ 28. Ke3 Rc2 29. h4 Rxg2 30. Rxb7 Re8+ 31. Kd3 Rxa2 32. Ng5 Ra3+ 33.
Kc4 Rc8+ 34. Kd5 Rd8+ 35. Kc5 Rc3+ 36. Kb4 Rdc8 37. Ne6 Bh6 38. Ka4 Bd2 39. Rb3
R8c4+ 40. Ka3 Bc1+ 41. Rxc1 Rxb3+ 0-1

[Event "13th EICC"]
[Site "Plovdiv BUL"]
[Date "2012.03.25"]
[Round "6.112"]
[White "Kabanov, Nikolai"]
[Black "Novkovic, Milan"]
[Result "0-1"]
[WhiteTitle "GM"]
[BlackTitle "IM"]
[WhiteElo "2502"]
[BlackElo "2381"]
[WhiteFideId "4127820"]
[BlackFideId "1613103"]
[EventDate "2012.03.20"]
[EventType "swiss"]

1. e4 c5 2. Nc3 a6 3. f4 b5 4. Nf3 Bb7 5. d3 e6 6. g3 Nf6 7. Bg2 d5 8. e5 Nfd7
9. O-O g6 10. g4 Nc6 11. f5 gxf5 12. gxf5 Rg8 13. Qe2 Qe7 14. f6 Qd8 15. Bf4 Qc7
16. Rae1 O-O-O 17. Kh1 Nxf6 18. Bg5 Nd7 19. Bxd8 Qxd8 20. Qd2 Qc7 21. Qf4 f5 22.
Ng5 Nd8 23. d4 Bh6 24. Nxe6 Bxf4 25. Nxc7 Bd2 26. e6 Bxe1 27. exd7+ Kxc7 28.
Rxe1 cxd4 29. Nxd5+ Kd6 30. Nf4 Bxg2+ 31. Nxg2 Kxd7 32. Nh4 Rf8 33. Nf3 Nc6 34.
Nxd4 Nxd4 35. Rd1 Ke6 36. Rxd4 Rg8 37. a4 Ke5 38. c3 f4 39. axb5 axb5 40. Rd1
Ke4 41. b3 Ke3 42. c4 b4 43. Rd7 f3 44. Re7+ Kf2 45. Rf7 Ke2 46. Re7+ Kf1 47. h4
Rg1+ 48. Kh2 Rg2+ 49. Kh1 Re2 50. Rxh7 Re1 51. Kh2 f2 52. Kg3 Re3+ 53. Kg4 Kg2 0-1

[Event "13th EICC"]
[Site "Plovdiv BUL"]
[Date "2012.03.25"]
[Round "6.114"]
[White "Schiendorfer, Emanuel"]
[Black "Fodor, Tamas Jr."]
[Result "0-1"]
[WhiteTitle "FM"]
[BlackTitle "FM"]
[WhiteElo "2349"]
[BlackElo "2482"]
[WhiteFideId "1309889"]
[BlackFideId "723762"]
[EventDate "2012.03.20"]
[EventType "swiss"]

1. d4 d5 2. Nf3 Nf6 3. c4 dxc4 4. e3 Bg4 5. Bxc4 e6 6. O-O a6 7. Bb3 Bd6 8. Nc3
Nc6 9. h3 Bh5 10. Bc2 O-O 11. g4 Nxg4 12. hxg4 Bxg4 13. Kg2 f5 14. Rh1 Qf6 15.
Bd3 h6 16. Be2 f4 17. Nh4 f3+ 18. Nxf3 Rf7 19. Ne4 Qg6 20. Ng3 Raf8 21. Nh4
Rxf2+ 22. Kg1 Qg5 23. Bxg4 Bxg3 24. e4 Qf6 25. Nf3 Qg6 26. Ng5 Rf1+ 27. Qxf1
Rxf1+ 28. Kxf1 hxg5 29. Kg2 Bf4 30. Re1 Nxd4 31. b3 Nc2 32. Bb2 Nxa1 33. Bxa1
Qh7 34. Bxe6+ Kf8 35. Bd4 Qh2+ 36. Kf1 Qh1+ 0-1

[Event "13th EICC"]
[Site "Plovdiv BUL"]
[Date "2012.03.25"]
[Round "6.116"]
[White "Kovalev, Vladislav"]
[Black "Nestorovic, Lazar"]
[Result "1-0"]
[WhiteTitle "IM"]
[BlackTitle "IM"]
[WhiteElo "2477"]
[BlackElo "2374"]
[WhiteFideId "13504398"]
[BlackFideId "937517"]
[EventDate "2012.03.20"]
[EventType "swiss"]

1. e4 c5 2. Nf3 d6 3. d4 cxd4 4. Nxd4 Nf6 5. Nc3 a6 6. h3 e6 7. g4 b5 8. Bg2 Bb7
9. O-O h6 10. Re1 Nbd7 11. a4 bxa4 12. Rxa4 e5 13. Nf5 Nb6 14. Rb4 a5 15. Rb3
Ba6 16. f4 Nc4 17. Nd5 Nd7 18. Rc3 Rc8 19. b3 Ncb6 20. Ba3 Rxc3 21. Nxc3 Nc8 22.
Kh1 exf4 23. Nxd6+ Nxd6 24. Bxd6 f3 25. Bxf3 Bxd6 26. Qxd6 Qh4 27. Rd1 Qxh3+ 28.
Kg1 Bc8 29. Nd5 Qh4 30. Nc7+ Kd8 31. Nd5 Ke8 32. e5 h5 33. e6 fxe6 34. Nc7+ Kd8
35. Nxe6+ Ke8 36. Nxg7+ Kf7 37. Nxh5 Nf6 38. Qc7+ 1-0

[Event "13th EICC"]
[Site "Plovdiv BUL"]
[Date "2012.03.25"]
[Round "6.118"]
[White "Pancevski, Filip"]
[Black "Filev, Georgi"]
[Result "1/2-1/2"]
[WhiteTitle "IM"]
[BlackTitle "FM"]
[WhiteElo "2470"]
[BlackElo "2372"]
[WhiteFideId "15002187"]
[BlackFideId "2907500"]
[EventDate "2012.03.20"]
[EventType "swiss"]

1. e4 c5 2. Nf3 e6 3. c3 Nf6 4. Bd3 Nc6 5. Bc2 c4 6. Qe2 d5 7. e5 Nd7 8. O-O Qc7
9. Re1 g5 10. d4 cxd3 11. Bxd3 h6 12. h4 Bg7 13. hxg5 hxg5 14. Bxg5 Ndxe5 15.
Bf4 Nxf3+ 16. Qxf3 Qe7 17. Qg3 Qh4 18. Qxh4 Rxh4 19. Bg3 Rh8 20. Nd2 Bd7 21. Nb3
Bf8 22. Rac1 Rc8 23. Be2 Be7 24. Bf3 b5 25. a3 a5 26. Rcd1 a4 27. Nd4 Na5 28.
Re2 Kf8 29. Rde1 Bf6 30. Nc2 Nc4 31. Nb4 Kg7 32. Bg4 Bc6 33. Rd1 Bb7 34. Nd3
Rhd8 35. Ne5 Nxe5 36. Bxe5 Bxe5 37. Rxe5 Kf6 38. Re3 Bc6 39. f4 Rg8 40. Bf3 Rh8
41. Kf2 Kf5 42. Rd4 Kf6 43. Re1 Rcg8 44. Rdd1 Rh4 45. Ke3 1/2-1/2

[Event "13th EICC"]
[Site "Plovdiv BUL"]
[Date "2012.03.25"]
[Round "6.120"]
[White "Nestorovic, Nikola"]
[Black "Nenezic, Marko"]
[Result "1-0"]
[WhiteTitle "IM"]
[WhiteElo "2462"]
[BlackElo "2370"]
[WhiteFideId "934526"]
[BlackFideId "912123"]
[EventDate "2012.03.20"]
[EventType "swiss"]

1. e4 c5 2. Nf3 d6 3. d4 cxd4 4. Nxd4 Nf6 5. Nc3 a6 6. h3 e6 7. g4 d5 8. exd5
Nxd5 9. Nde2 Bb4 10. Bd2 Nxc3 11. Nxc3 O-O 12. Bg2 Be7 13. O-O Nd7 14. Qe2 Nc5
15. Rad1 Qc7 16. b4 Nd7 17. Nd5 Qd8 18. Nxe7+ Qxe7 19. Rfe1 Re8 20. Qc4 Nf8 21.
Bf4 f6 22. a4 Kh8 23. Bd6 Qf7 24. a5 Ng6 25. Re3 Kg8 26. f4 Nh4 27. Bh1 Bd7 28.
Qc7 Bc6 29. Bxc6 bxc6 30. Qxf7+ Kxf7 31. Bc5 Ng6 32. Rd7+ Kg8 33. Bd6 e5 34.
fxe5 fxe5 35. Kf1 Re6 36. Ke1 Rae8 37. Kd2 Rf6 38. c4 Rf2+ 39. Kc3 Re6 40. h4 e4
41. h5 Nf8 42. Rd8 g5 43. hxg6 hxg6 44. Kd4 Kh7 45. Kc5 1-0

[Event "13th EICC"]
[Site "Plovdiv BUL"]
[Date "2012.03.25"]
[Round "6.121"]
[White "Cabarkapa, Novak"]
[Black "Hagen, Andreas Skytte"]
[Result "0-1"]
[WhiteTitle "FM"]
[BlackTitle "IM"]
[WhiteElo "2314"]
[BlackElo "2453"]
[WhiteFideId "943746"]
[BlackFideId "1407341"]
[EventDate "2012.03.20"]
[EventType "swiss"]

1. e4 c5 2. Nf3 d6 3. c3 Nf6 4. Be2 Nbd7 5. d3 g6 6. O-O Bg7 7. Re1 b6 8. Bf1
Bb7 9. Nbd2 O-O 10. d4 Qc7 11. b3 e6 12. Bb2 Rac8 13. a4 Rfd8 14. a5 bxa5 15. c4
d5 16. exd5 exd5 17. dxc5 Nxc5 18. Be5 Qb6 19. Bc3 Nce4 20. Bd4 Qc7 21. c5 Ng4
22. Bxg7 Kxg7 23. c6 Bxc6 24. Qc1 Ngxf2 25. Nd4 Qb6 26. Qb2 Kg8 27. N2f3 Bd7 28.
Qa3 Nd2 29. Qb2 Nh3+ 30. Kh1 Nxf3 31. gxf3 Nf4 32. Re5 Re8 33. Rae1 Rxe5 34.
Rxe5 Re8 35. Rxe8+ Bxe8 36. Qd2 Ne6 37. Nxe6 fxe6 38. Bh3 Bf7 0-1

[Event "13th EICC"]
[Site "Plovdiv BUL"]
[Date "2012.03.25"]
[Round "6.122"]
[White "Zaslavsky, Mikhail"]
[Black "Antal, Tibor Kende"]
[Result "1/2-1/2"]
[WhiteTitle "IM"]
[BlackTitle "FM"]
[WhiteElo "2450"]
[BlackElo "2352"]
[WhiteFideId "2807670"]
[BlackFideId "738581"]
[EventDate "2012.03.20"]
[EventType "swiss"]

1. c4 e6 2. Nc3 d5 3. cxd5 exd5 4. d4 Nf6 5. Nf3 c6 6. Bg5 Be7 7. e3 h6 8. Bh4
Bf5 9. Be2 O-O 10. O-O Ne4 11. Nxe4 Bxe4 12. Bg3 Nd7 13. Rc1 Qb6 14. Nd2 Nf6 15.
Nxe4 Nxe4 16. Qc2 Rac8 17. Bd3 Nxg3 18. hxg3 c5 19. Bh7+ Kh8 20. Bf5 Rc6 21.
dxc5 Bxc5 22. Qe2 d4 23. exd4 Bxd4 24. Rxc6 Qxc6 25. Bb1 Qb6 26. b3 g6 27. Kh2
Kg7 28. f4 Bf6 29. Rd1 Rd8 30. Be4 Rxd1 31. Qxd1 Qf2 32. Qc2 Qe1 33. Qb1 Qe2 34.
Bf3 Qf2 35. Bxb7 Bd4 36. Bf3 h5 37. Kh3 h4 38. Kxh4 g5+ 39. Kg4 gxf4 40. gxf4
Bf6 41. g3 Qd2 42. Kh3 Qf2 43. Bd5 Qe2 44. Qf5 Qf1+ 45. Bg2 Qf2 46. Qd7 Qc2 47.
Qg4+ Kf8 48. Qh5 Qc8+ 49. g4 Qc3+ 50. Kh2 Qe3 51. Qh6+ Ke7 52. b4 a6 53. a4 Qd4
54. b5 axb5 55. axb5 Qb4 56. Bc6 Qd2+ 57. Kg3 Qe3+ 58. Bf3 Qg1+ 59. Bg2 Qe1+ 60.
Kh3 Qc3+ 61. Kh2 Qb4 62. b6 Qxb6 63. Qh7 Qe3 64. Qf5 Bh4 65. Qe4+ Qxe4 66. Bxe4 1/2-1/2

[Event "13th EICC"]
[Site "Plovdiv BUL"]
[Date "2012.03.25"]
[Round "6.123"]
[White "Bukal, Vladimir Jr."]
[Black "Sarbok, Torsten"]
[Result "0-1"]
[WhiteTitle "IM"]
[BlackTitle "FM"]
[WhiteElo "2441"]
[BlackElo "2349"]
[WhiteFideId "14502941"]
[BlackFideId "4630068"]
[EventDate "2012.03.20"]
[EventType "swiss"]

1. d4 d5 2. Nc3 Nf6 3. Bg5 Nbd7 4. Nf3 e6 5. e3 Be7 6. Bd3 c5 7. O-O a6 8. Re1
O-O 9. dxc5 Nxc5 10. Rb1 Bd7 11. Ne5 Rc8 12. Qf3 h6 13. Bh4 Bc6 14. Ne2 Nfe4 15.
Bxe7 Qxe7 16. Red1 Rfd8 17. b4 Nxd3 18. cxd3 Ba4 19. Rdc1 Nd2 20. Qf4 Nxb1 21.
Rxb1 f6 22. Ng6 Qf7 23. Qg3 Bc2 0-1

[Event "13th EICC"]
[Site "Plovdiv BUL"]
[Date "2012.03.25"]
[Round "6.124"]
[White "Malikentzos, Sotirios"]
[Black "Colovic, Aleksandar"]
[Result "1/2-1/2"]
[WhiteTitle "FM"]
[BlackTitle "IM"]
[WhiteElo "2307"]
[BlackElo "2436"]
[WhiteFideId "4215079"]
[BlackFideId "15000729"]
[EventDate "2012.03.20"]
[EventType "swiss"]

1. d4 Nf6 2. c4 e6 3. g3 c5 4. d5 exd5 5. cxd5 d6 6. Nc3 g6 7. Nf3 Bg7 8. Bg2
O-O 9. O-O Na6 10. h3 Re8 11. Nd2 Nc7 12. a4 b6 13. e4 Ba6 14. Re1 Nd7 15. Nf3
Ne5 16. Nxe5 Bxe5 17. Be3 Qd7 18. Qd2 Bc4 19. Qc2 Na6 20. Nb1 b5 21. Na3 Nb4 22.
Qd2 a6 23. axb5 axb5 24. Nxc4 bxc4 25. Bf1 Nd3 26. Rxa8 Rxa8 27. Bxd3 cxd3 28.
Bf4 Bxf4 29. Qxf4 Qxh3 30. Qd2 c4 31. b3 Qc8 32. Rc1 Qg4 33. Rxc4 Qf3 34. Kh2 h5
35. Qe3 Qd1 36. Rc1 Qxb3 37. Qd4 Qa2 38. Kg2 Qe2 39. Rc3 d2 40. Rd3 Ra2 41. Rb3
Ra8 42. Rd3 Re8 43. Rxd2 Qxe4+ 44. Qxe4 Rxe4 45. Ra2 Rd4 46. Ra5 Kg7 47. Kf3 Kf6
48. Ke3 Rd1 49. Ke2 Rb1 50. Ra6 Ke5 51. Ra7 f6 52. f4+ Kxd5 53. Rg7 Ke4 54. Rxg6
Rb2+ 55. Ke1 Kf5 56. Rh6 Rh2 57. g4+ Kxg4 58. Rxf6 h4 59. Rxd6 h3 60. Kf1 Rh1+
61. Kf2 Ra1 62. Rh6 Ra2+ 63. Kg1 Kg3 64. Rg6+ Kxf4 65. Rg8 Rg2+ 66. Rxg2 hxg2
67. Kxg2 1/2-1/2

[Event "13th EICC"]
[Site "Plovdiv BUL"]
[Date "2012.03.25"]
[Round "6.125"]
[White "Raznikov, Danny"]
[Black "Dimitrov, Atanas"]
[Result "1/2-1/2"]
[WhiteTitle "IM"]
[BlackTitle "IM"]
[WhiteElo "2436"]
[BlackElo "2318"]
[WhiteFideId "2811154"]
[BlackFideId "2901315"]
[EventDate "2012.03.20"]
[EventType "swiss"]

1. d4 d5 2. c4 e6 3. Nc3 Nf6 4. cxd5 exd5 5. Bg5 c6 6. Qc2 Be7 7. e3 Nbd7 8. Bd3
O-O 9. Nge2 Re8 10. O-O Nf8 11. Rae1 Nh5 12. Bxe7 Qxe7 13. Ng3 Nxg3 14. hxg3 Bd7
15. b4 h5 16. b5 h4 17. bxc6 bxc6 18. Ne2 g6 19. Rb1 hxg3 20. Nxg3 c5 21. Rb7 c4
22. Be2 Qd6 23. Rfb1 Bc6 24. R7b2 Nh7 25. Qc3 Nf6 26. Bf3 Kg7 27. Qb4 Qc7 28.
Qc5 Nd7 29. Qa3 Nf6 30. Qa6 Re7 31. Qa3 Ree8 32. Qc3 Rac8 33. Qa3 Ra8 1/2-1/2

[Event "13th EICC"]
[Site "Plovdiv BUL"]
[Date "2012.03.25"]
[Round "6.126"]
[White "Videnova, Iva"]
[Black "Poetsch, Hagen"]
[Result "1-0"]
[WhiteTitle "WGM"]
[BlackTitle "IM"]
[WhiteElo "2301"]
[BlackElo "2432"]
[WhiteFideId "2907763"]
[BlackFideId "24615137"]
[EventDate "2012.03.20"]
[EventType "swiss"]

1. e4 c5 2. Nf3 d6 3. d4 cxd4 4. Nxd4 Nf6 5. Nc3 a6 6. Be3 e5 7. Nb3 Be6 8. f4
exf4 9. Bxf4 Nc6 10. Qe2 Be7 11. h3 Ne5 12. O-O-O Qc7 13. g4 Ng6 14. Bg3 h5 15.
g5 Nd7 16. h4 Bg4 17. Nd5 Qc6 18. Qf2 Bxd1 19. Kxd1 Nde5 20. Nd4 Qd7 21. Bh3 Ng4
22. Qf5 Rd8 23. Rf1 Qxf5 24. Nxf5 Bf8 25. Rf3 N6e5 26. Rb3 Rd7 27. Ke2 g6 28.
Bxe5 dxe5 29. Nfe3 b5 30. Rc3 Kd8 31. Nb6 Rc7 32. Rd3+ Ke8 33. Nbd5 Rc6 34. b3
Bc5 35. Rc3 Kd7 36. Nxg4 hxg4 37. Bxg4+ Kd6 38. Rf3 Ba3 39. c3 a5 40. b4 axb4
41. cxb4 Bxb4 42. Nxb4 Rc4 43. Rf6+ Kc5 44. Nd3+ Kd4 45. Rd6+ Kc3 46. Bf3 Ra8
47. Nxe5 Rxa2+ 48. Ke3 Rc7 49. Nc6 Ra3 50. Be2 Kb2+ 51. Kf4 Rh3 52. Bxb5 Rxh4+
53. Kf3 Rb7 54. Bc4 Kc3 55. Be2 Rh3+ 56. Kg4 Re3 57. Bf3 Re1 58. Kf4 Rc7 59. Rf6
Ra1 60. Ne5 Raa7 61. Rc6+ Kd4 62. Bg4 Rab7 63. Bc8 Ra7 64. Ba6 1-0

[Event "13th EICC"]
[Site "Plovdiv BUL"]
[Date "2012.03.25"]
[Round "6.127"]
[White "Nikolova, Adriana"]
[Black "Zueger, Beat"]
[Result "1/2-1/2"]
[WhiteTitle "WGM"]
[BlackTitle "IM"]
[WhiteElo "2293"]
[BlackElo "2425"]
[WhiteFideId "2908689"]
[BlackFideId "1300067"]
[EventDate "2012.03.20"]
[EventType "swiss"]

1. e4 c5 2. Nf3 e6 3. d4 cxd4 4. Nxd4 a6 5. Bd3 Bc5 6. Nb3 Ba7 7. Qe2 Nc6 8. Be3
d6 9. Bxa7 Rxa7 10. N1d2 e5 11. Nc4 Nf6 12. Ne3 O-O 13. O-O Be6 14. Bc4 Nxe4 15.
Bxe6 fxe6 16. Qg4 Ng5 17. h4 Nf7 18. Qxe6 Qxh4 19. Nf5 Qf6 20. Qxf6 gxf6 21.
Rad1 Rd8 22. Rd3 b6 23. Rfd1 Rad7 24. Nd2 Ne7 25. Nxe7+ Rxe7 26. Nc4 Rc7 27.
Nxb6 Rxc2 28. Nd5 Kg7 29. Rg3+ Ng5 30. f4 exf4 31. Nxf4 Kf7 32. Rb3 Rd7 33. a4
Ne4 34. a5 Rc5 35. Re3 f5 36. b4 Rc4 37. Nd5 Rd8 38. Rh3 Ng5 39. Rb3 Ne4 40. b5
Nc5 41. Rf3 axb5 42. Rxf5+ Ke6 43. Rh5 b4 44. Re1+ Kf7 45. Rxh7+ Kg6 46. Ree7
Rg8 47. Rh3 Rg4 48. Rf3 b3 49. Re2 Rb8 50. Rf6+ Kh7 51. Rxd6 Rg6 52. Rb6 Rbxb6
53. axb6 Rd6 54. b7 Nxb7 55. Re7+ Kh6 56. Rxb7 Rxd5 57. Rxb3 Kg7 58. Rb6 Rd2 59.
Kh2 Rd3 60. g3 Rd4 61. Kh3 Rc4 62. g4 Rc3+ 63. Kh4 Rc5 64. Kg3 Rc4 65. Rb5 Kg6
66. Kh4 Rc6 67. Rb1 Ra6 68. Rb8 Kh7 69. Rb5 Kh6 1/2-1/2

[Event "13th EICC"]
[Site "Plovdiv BUL"]
[Date "2012.03.25"]
[Round "6.128"]
[White "Ivanov, Alexey3"]
[Black "Ali Marandi, Cemil Can"]
[Result "1/2-1/2"]
[WhiteTitle "IM"]
[BlackTitle "FM"]
[WhiteElo "2424"]
[BlackElo "2315"]
[WhiteFideId "4167635"]
[BlackFideId "6300529"]
[EventDate "2012.03.20"]
[EventType "swiss"]

1. e4 e6 2. d4 d5 3. Nc3 Nf6 4. exd5 exd5 5. Bf4 Bd6 6. Qd2 Qe7+ 7. Nge2 Bxf4 8.
Qxf4 O-O 9. O-O-O c5 10. h3 Nc6 11. g4 Be6 12. Bg2 c4 13. Ng3 Qd7 14. g5 Ne8 15.
h4 b5 16. h5 Ne7 17. h6 g6 18. Nge4 dxe4 19. d5 Bf5 20. d6 Nc6 21. Bxe4 Bxe4 22.
Nxe4 f6 23. Nc5 Qf5 24. Qxf5 gxf5 25. Ne6 fxg5 26. Nxf8 Kxf8 27. Rd5 Kf7 28. Rc5
Nd8 29. Rd1 Ne6 30. Rxf5+ Nf6 31. Rxb5 Rd8 32. f3 Kg6 33. Re5 Nf4 34. b4 Nd7 35.
Ra5 Nb6 36. c3 Nd3+ 37. Kc2 Rxd6 38. Rxa7 Nd5 39. Rh1 Re6 40. Kd2 N5f4 41. Rh2
Ne5 42. Rf2 Kxh6 43. b5 Re8 44. Ra6+ Kg7 45. Rd6 h5 46. b6 h4 47. b7 Rb8 48. Rb6
Nd7 49. Rb5 Ne6 50. Ke1 Ndc5 51. Rd2 Nd3+ 52. Kf1 Nec5 53. Re2 Kf7 54. Rg2 Kf6
55. Rg4 Rxb7 56. Rxb7 Nxb7 57. Rxc4 Kf5 58. Kg2 Nbc5 59. a4 Ne1+ 60. Kh3 Ncd3
61. Rxh4 gxh4 1/2-1/2

[Event "13th EICC"]
[Site "Plovdiv BUL"]
[Date "2012.03.25"]
[Round "6.129"]
[White "Diermair, Andreas"]
[Black "Schneider, Veronika"]
[Result "1/2-1/2"]
[WhiteTitle "IM"]
[BlackTitle "WGM"]
[WhiteElo "2416"]
[BlackElo "2312"]
[WhiteFideId "1612468"]
[BlackFideId "721530"]
[EventDate "2012.03.20"]
[EventType "swiss"]

1. Nf3 Nf6 2. c4 g6 3. g3 Bg7 4. Bg2 d5 5. cxd5 Nxd5 6. O-O Nb6 7. Nc3 Nc6 8. d3
O-O 9. Be3 h6 10. Qd2 Kh7 11. Rac1 Be6 12. b3 Qc8 13. Ne4 f5 14. Nc5 Bd5 15. b4
a6 16. a4 e6 17. Rfd1 Rd8 18. b5 axb5 19. axb5 Ra2 20. Rc2 Rxc2 21. Qxc2 Ne5 22.
Nd4 Rd6 23. f3 Ned7 24. Ndb3 c6 25. Nxd7 Nxd7 26. Bf2 Bxb3 27. Qxb3 cxb5 28. f4
Qc3 29. Qxb5 Qc2 30. Rb1 Qxe2 31. Bf1 Qc2 32. Qxb7 Nc5 33. Qb4 Rd5 34. Re1 Nxd3
35. Bxd3 Rxd3 36. Rxe6 Rd2 37. Re7 Rd1+ 38. Kg2 Qd3 39. Rxg7+ Kxg7 40. Qe7+ Kg8 1/2-1/2

[Event "13th EICC"]
[Site "Plovdiv BUL"]
[Date "2012.03.25"]
[Round "6.130"]
[White "Baratosi, Daniel"]
[Black "Boehnisch, Manfred"]
[Result "1-0"]
[WhiteTitle "IM"]
[BlackTitle "FM"]
[WhiteElo "2407"]
[BlackElo "2291"]
[WhiteFideId "1210351"]
[BlackFideId "4611543"]
[EventDate "2012.03.20"]
[EventType "swiss"]

1. e4 c6 2. d4 d5 3. Nc3 dxe4 4. Nxe4 Bf5 5. Ng3 Bg6 6. h4 h6 7. Nf3 Nd7 8. h5
Bh7 9. Bd3 Bxd3 10. Qxd3 e6 11. Bd2 Qc7 12. O-O-O Ngf6 13. Kb1 O-O-O 14. c4 c5
15. Qe2 cxd4 16. Nxd4 a6 17. Nb3 Nc5 18. Ba5 Rxd1+ 19. Rxd1 b6 20. Bc3 Qb7 21.
Nxc5 Bxc5 22. Bxf6 gxf6 23. Ne4 Be7 24. f3 Qc6 25. g4 Rd8 26. Rxd8+ Kxd8 27. a3
Ke8 28. Nc3 Bf8 29. Kc2 Kd7 30. Qd3+ Qd6 31. Qe4 Qc6 32. Qd4+ Ke7 33. Kb3 Bg7
34. Qe3 Kd7 35. Qd3+ Ke8 36. Qe3 Kd7 37. Qd3+ Ke8 38. Ka2 f5 39. gxf5 Bxc3 40.
Qxc3 exf5 41. Qe5+ Qe6 42. Qb8+ Ke7 43. Qa7+ Kf6 44. Qxa6 Kg5 45. a4 Kf4 46. a5
bxa5 47. Qxe6 fxe6 48. Kb3 Ke5 49. Ka4 Kd4 50. Kb5 e5 51. c5 e4 52. fxe4 f4 53.
c6 f3 54. c7 f2 55. c8=Q f1=Q+ 56. Kb6 Qf6+ 57. Qc6 Qd8+ 58. Kb5 1-0

[Event "13th EICC"]
[Site "Plovdiv BUL"]
[Date "2012.03.25"]
[Round "6.132"]
[White "Firat, Burak"]
[Black "Chudinovskikh, Alexander M"]
[Result "1-0"]
[WhiteTitle "IM"]
[BlackTitle "IM"]
[WhiteElo "2405"]
[BlackElo "2278"]
[WhiteFideId "6305881"]
[BlackFideId "4106083"]
[EventDate "2012.03.20"]
[EventType "swiss"]

1. e4 e5 2. Nf3 Nc6 3. Bb5 a6 4. Ba4 Nf6 5. O-O Be7 6. Re1 b5 7. Bb3 O-O 8. d4
d6 9. c3 Bg4 10. Be3 exd4 11. cxd4 Na5 12. Bc2 Nc4 13. Bc1 c5 14. b3 Nb6 15.
Nbd2 Re8 16. h3 Bh5 17. Bb2 Nfd7 18. a4 Rc8 19. Qb1 c4 20. bxc4 Nxc4 21. Nxc4
bxc4 22. Re3 Bg6 23. d5 Bf6 24. Bxf6 Qxf6 25. Raa3 Nc5 26. Nd2 Rb8 27. Qe1 Rb4
28. Qe2 Qd4 29. a5 Nb7 30. Kh2 h6 31. f4 Kh8 32. Nf3 Qb2 33. f5 Bh7 34. e5 Rf8
35. e6 fxe6 36. dxe6 Nc5 37. Qd2 Nd3 38. e7 Re8 39. Ba4 Rxa4 40. Rxa4 Qb5 41.
Ra1 Qxf5 42. Qe2 c3 43. Kh1 Nc5 44. Rf1 Bg8 45. Nd4 Qg6 46. Rf8 d5 47. Qg4 Qb1+
48. Kh2 Qb8+ 49. Rg3 g5 50. Qh5 1-0

[Event "13th EICC"]
[Site "Plovdiv BUL"]
[Date "2012.03.25"]
[Round "6.134"]
[White "Gaehwiler, Gabriel"]
[Black "Kreisl, Robert"]
[Result "1/2-1/2"]
[BlackTitle "IM"]
[WhiteElo "2260"]
[BlackElo "2400"]
[WhiteFideId "1314530"]
[BlackFideId "1613880"]
[EventDate "2012.03.20"]
[EventType "swiss"]

1. e4 e6 2. d4 d5 3. exd5 exd5 4. c4 Bb4+ 5. Nc3 Nf6 6. Bd3 O-O 7. Ne2 c5 8. O-O
dxc4 9. Bxc4 Nc6 10. dxc5 Qxd1 11. Rxd1 Ne5 12. Nd5 Nxd5 13. Bxd5 Bg4 14. Kf1
Bxc5 15. Bf4 Rfe8 16. Bxe5 Rxe5 17. f3 Rae8 18. Nc3 Bc8 19. Ne4 Be7 20. Rac1 Kf8
21. Rc7 Rd8 22. Bb3 Rxd1+ 23. Bxd1 Be6 24. Bb3 Bxb3 25. axb3 f5 26. Nc3 Bh4 27.
g3 Bf6 28. Rxb7 Rc5 29. b4 Rc4 30. Rxa7 Rxb4 31. Nd5 Rxb2 32. Nxf6 gxf6 33. Rxh7
Kg8 34. Rh5 Kg7 35. Kg1 Kg6 36. Rh8 Rb1+ 37. Kg2 Rb2+ 38. Kh3 Rf2 39. f4 Kg7 40.
Rh5 Kg6 41. Rh8 Kg7 42. Rd8 Kg6 43. Rd1 Ra2 44. Rg1 Ra8 45. Kg2 Ra2+ 46. Kh1 Kh5
47. h3 Rb2 48. Rg2 Rb1+ 49. Kh2 Rb3 50. Re2 Rd3 51. Kg2 Rc3 52. Re6 Rc2+ 53. Kf1
Kg6 54. Kg1 Rc3 55. Kf2 1/2-1/2